[Event "Styrian op U14/18 26th"]
[Site "Mureck"]
[Date "2019.08.08"]
[Round "9"]
[White "Ebner, Moritz"]
[Black "Schwarz, Rene"]
[Result "0-1"]
[WhiteElo "1131"]
[BlackElo "1451"]
[PlyCount "104"]
[EventDate "2019.07.31"]
[EventType "swiss"]
[EventRounds "9"]
[EventCountry "AUT"]
[SourceTitle "EXT 2020"]
[Source "ChessBase"]
[SourceDate "2019.10.17"]
[SourceVersion "1"]
[SourceVersionDate "2019.10.17"]
[SourceQuality "1"]

1. e4 e5 2. Nf3 d6 3. Bc4 g6 4. Nc3 Bg7 5. d3 Bg4 6. h3 Bxf3 7. Qxf3 Nf6 8. Bg5 Nbd7 9. 0-0 0-0 10. Rad1 Qe8 11. Qe3 Nb6 12. b3 Qd8 13. Qf3 Qe7 14. d4 exd4 15. Rxd4 Qe5 16. Qe3 Rad8 17. Rfd1 c5 18. R4d2 Nxc4 19. bxc4 Rfe8 20. Bf4 Qe6 21. Rxd6 Rxd6 22. Rxd6 Qxc4 23. f3 Nh5 24. Rd3 Bd4 25. Rxd4 Qxd4 26. Bh6 Qxe3+ 27. Bxe3 Rc8 28. Nd5 Kf8 29. g4 Ng7 30. Bh6 f5 31. exf5 gxf5 32. gxf5 Kf7 33. f6 Nf5 34. Bg5 Rg8 35. f4 h6 36. Kf2 hxg5 37. fxg5 Rxg5 38. Kf3 Ng3 39. Nc3 Nh5 40. Ne4 Rf5+ 41. Kg4 Re5 42. Ng5+ Kxf6 43. h4 Ng7 44. Nh7+ Ke7 45. Kf4 Rd5 46. Ng5 Ne6+ 47. Nxe6 Kxe6 48. Kg4 Kf6 49. c4 Rd4+ 50. Kh5 Rxc4 51. a3 Ra4 52. Kh6 Rxh4# 0-1

[Event "Styrian op U14/18 26th"]
[Site "Mureck"]
[Date "2019.08.05"]
[Round "6"]
[White "Ebner, Moritz"]
[Black "Engelmaier, Andrej"]
[Result "1-0"]
[WhiteElo "1131"]
[BlackElo "907"]
[PlyCount "89"]
[EventDate "2019.07.31"]
[EventType "swiss"]
[EventRounds "9"]
[EventCountry "AUT"]
[SourceTitle "EXT 2020"]
[Source "ChessBase"]
[SourceDate "2019.10.17"]
[SourceVersion "1"]
[SourceVersionDate "2019.10.17"]
[SourceQuality "1"]

1. e4 e5 2. Nf3 Nf6 3. Nc3 d6 4. Bc4 h6 5. 0-0 g5 6. h3 Bg7 7. d3 Nc6 8. Be3 g4 9. hxg4 Bxg4 10. Bb5 Qd7 11. Nd5 a6 12. Ba4 b5 13. Bb3 h5 14. Bg5 Nxd5 15. Bxd5 Rb8 16. Bh4 Rb6 17. Qe2 Nd4 18. Qe3 Nxc2 19. Qg5 f6 20. Qg6+ Kd8 21. Bxf6+ Kc8 22. Bxg7 Nxa1 23. Bxh8 c6 24. Rxa1 cxd5 25. exd5 Bxf3 26. gxf3 Rb8 27. Qe6 Rb7 28. Rc1+ Rc7 29. Rxc7+ Kxc7 30. Qxd7+ Kxd7 31. d4 exd4 32. Bxd4 Ke7 33. Kh2 Kf7 34. Kh3 Kg6 35. f4 Kf5 36. Kh4 Kxf4 37. Kxh5 Ke4 38. Ba7 Kxd5 39. f4 Ke6 40. Kg6 Ke7 41. f5 Kf8 42. Kf6 a5 43. a3 b4 44. axb4 axb4 45. b3 1-0

[Event "Styrian op U14/18 26th"]
[Site "Mureck"]
[Date "2019.08.04"]
[Round "5"]
[White "Avilova, Yulia"]
[Black "Ebner, Moritz"]
[Result "1-0"]
[WhiteElo "1602"]
[BlackElo "1131"]
[PlyCount "37"]
[EventDate "2019.07.31"]
[EventType "swiss"]
[EventRounds "9"]
[EventCountry "AUT"]
[SourceTitle "EXT 2020"]
[Source "ChessBase"]
[SourceDate "2019.10.17"]
[SourceVersion "1"]
[SourceVersionDate "2019.10.17"]
[SourceQuality "1"]

1. Nf3 d5 2. c4 Nf6 3. cxd5 Nxd5 4. e4 Nb6 5. d4 Bg4 6. Be2 e6 7. 0-0 Nc6 8. Be3 Qd7 9. Nbd2 0-0-0 10. h3 Bh5 11. a4 Qe8 12. a5 Nd7 13. a6 b6 14. Bb5 Nf6 15. Rc1 Bb4 16. Bxc6 Qe7 17. Bb7+ Kd7 18. Qa4+ Kd6 19. e5# 1-0

[Event "Styrian op U08/10 23nd"]
[Site "Mureck"]
[Date "2016.08.09"]
[Round "7.5"]
[White "Ebner, Moritz"]
[Black "Trummer, Alexander"]
[Result "1/2-1/2"]
[WhiteElo "929"]
[BlackElo "960"]
[PlyCount "78"]
[EventDate "2016.08.03"]
[EventType "swiss"]
[EventRounds "9"]
[EventCountry "AUT"]
[SourceTitle "EXT 2024"]
[Source "ChessBase"]
[SourceDate "2023.10.10"]
[SourceVersion "1"]
[SourceVersionDate "2023.10.10"]
[SourceQuality "1"]

1. e4 e5 2. Nf3 Nc6 3. Bb5 Nf6 4. Nc3 Bc5 5. d3 d6 6. Bg5 h6 7. Bh4 g5 8. Bg3 Bd7 9. Nd5 Nxd5 10. exd5 Nd4 11. Nxd4 Bxd4 12. Bxd7+ Qxd7 13. 0-0 f5 14. Qh5+ Kd8 15. h3 f4 16. Bh2 b6 17. c3 Bxf2+ 18. Rxf2 Qf5 19. d4 exd4 20. Re1 Qxd5 21. Rfe2 Kd7 22. Re7+ Kc6 23. cxd4 Qxd4+ 24. Kh1 d5 25. R7e6+ Kb5 26. Qe2+ Qc4 27. a4+ Kb4 28. Bg1 Qxe2 29. R1xe2 c5 30. Bf2 Kxa4 31. Rd6 Rad8 32. Rxd8 Rxd8 33. g4 fxg3 34. Bxg3 d4 35. Bc7 d3 36. Re4+ c4 37. Bxd8 Kb4 38. Be7+ Kb3 39. Ba3 Kc2 1/2-1/2

[Event "Styrian op U08/10 23nd"]
[Site "Mureck"]
[Date "2016.08.08"]
[Round "6.1"]
[White "Kastelic, Amadej"]
[Black "Ebner, Moritz"]
[Result "1-0"]
[WhiteElo "1187"]
[BlackElo "929"]
[PlyCount "63"]
[EventDate "2016.08.03"]
[EventType "swiss"]
[EventRounds "9"]
[EventCountry "AUT"]
[SourceTitle "EXT 2024"]
[Source "ChessBase"]
[SourceDate "2023.10.10"]
[SourceVersion "1"]
[SourceVersionDate "2023.10.10"]
[SourceQuality "1"]

1. e4 e5 2. Nf3 Nc6 3. Bb5 Bc5 4. 0-0 Nf6 5. Bxc6 dxc6 6. Nxe5 Qd4 7. Nf3 Qxe4 8. Re1 Bxf2+ 9. Kxf2 Ng4+ 10. Kg1 Bf5 11. Rxe4+ Bxe4 12. Qe1 Nf6 13. Ng5 0-0 14. Nxe4 Nxe4 15. Qxe4 Rfe8 16. Qh4 Re6 17. Nc3 Rae8 18. Kf1 Rf6+ 19. Kg1 Re5 20. d4 Ref5 21. Qe1 h6 22. Bd2 Re6 23. Qxe6 fxe6 24. Rf1 Rh5 25. g4 Rh4 26. Rf4 g5 27. Re4 Kf7 28. Kg2 b6 29. Be1 h5 30. Bxh4 hxg4 31. Rxg4 gxh4 32. Rxh4 1-0

[Event "Styrian op U08/10 22nd"]
[Site "Mureck"]
[Date "2015.08.08"]
[Round "4"]
[White "Ebner, Moritz"]
[Black "Klopf, Michael"]
[Result "1-0"]
[WhiteElo "800"]
[BlackElo "878"]
[PlyCount "93"]
[EventDate "2015.08.05"]
[EventType "swiss"]
[EventRounds "9"]
[EventCountry "AUT"]
[SourceTitle "EXT 2017"]
[Source "ChessBase"]
[SourceDate "2016.10.25"]
[SourceVersion "1"]
[SourceVersionDate "2016.10.25"]
[SourceQuality "1"]

1. e4 e5 2. Nf3 Nc6 3. Bb5 Bc5 4. Bxc6 dxc6 5. Nc3 Nf6 6. d3 Bg4 7. h3 Bxf3 8. Qxf3 0-0 9. 0-0 Qd4 10. Bg5 Be7 11. Qg3 h6 12. Bxh6 Nh5 13. Qg4 Qd6 14. Bg5 Qg6 15. Bxe7 Rfe8 16. Qxg6 fxg6 17. Bg5 Rf8 18. g4 Nf4 19. Bxf4 Rxf4 20. f3 g5 21. Ne2 Rf6 22. c4 c5 23. b3 Rd8 24. Nc1 Rdd6 25. a4 Rg6 26. Kg2 Rc6 27. Ne2 Rb6 28. Rab1 Rb4 29. Nc3 c6 30. Nd1 a6 31. Ne3 b5 32. Nf5 bxa4 33. Ne7+ Kf7 34. Nxg6 Kxg6 35. Kg3 axb3 36. h4 b2 37. hxg5 Kxg5 38. f4+ exf4+ 39. Rxf4 a5 40. e5 a4 41. e6 a3 42. Rf5+ Kg6 43. e7 a2 44. e8Q+ Kh7 45. Qh5+ Kg8 46. Qf7+ Kh7 47. Rh5# 1-0

[Event "Styrian op U08/10 22nd"]
[Site "Mureck"]
[Date "2015.08.07"]
[Round "3"]
[White "Ebner, Moritz"]
[Black "Lackner, Simon"]
[Result "1-0"]
[WhiteElo "800"]
[BlackElo "800"]
[PlyCount "69"]
[EventDate "2015.08.05"]
[EventType "swiss"]
[EventRounds "9"]
[EventCountry "AUT"]
[SourceTitle "EXT 2017"]
[Source "ChessBase"]
[SourceDate "2016.10.25"]
[SourceVersion "1"]
[SourceVersionDate "2016.10.25"]
[SourceQuality "1"]

1. e4 e5 2. Nf3 Nc6 3. Bb5 h6 4. Nc3 Nf6 5. 0-0 Bb4 6. Bxc6 bxc6 7. Nxe5 0-0 8. h3 d6 9. Nxc6 Qd7 10. Nxb4 Ba6 11. Nxa6 Qc6 12. Nb4 Qb7 13. a3 Nxe4 14. Re1 Nxc3 15. dxc3 c5 16. Nd5 Rad8 17. Ne7+ Kh8 18. Bf4 Rde8 19. Bxd6 Qxb2 20. Ng6+ Kg8 21. Nxf8 Rd8 22. Rb1 Qxc3 23. Rb3 Qa5 24. Rb8 c4 25. Rxd8 Qxd8 26. Be7 Qe8 27. Qd8 Qa4 28. Ng6+ Kh7 29. Bc5 Qxc2 30. Nf8+ Kh8 31. Nd7+ Kh7 32. Re7 Qc1+ 33. Kh2 Kg6 34. Nf8+ Kg5 35. Re1+ 1-0